Places To Study
There are group study rooms, individual study carrels, computer labs, and other spaces to study in the Libraries.
Reserve A Group Room| 000 -LEADER | |
|---|---|
| fixed length control field | 00838nam a22001817a 4500 |
| 003 - CONTROL NUMBER IDENTIFIER | |
| control field | OSt |
| 005 - DATE AND TIME OF LATEST TRANSACTION | |
| control field | 20251125093115.0 |
| 008 - FIXED-LENGTH DATA ELEMENTS--GENERAL INFORMATION | |
| fixed length control field | 251125b |||||||| |||| 00| 0 eng d |
| 040 ## - CATALOGING SOURCE | |
| Transcribing agency | DCL |
| 082 ## - DEWEY DECIMAL CLASSIFICATION NUMBER | |
| Classification number | ၃၇၀.၁၅ |
| 100 0# - MAIN ENTRY--PERSONAL NAME | |
| Personal name | ကေမြရီ၊ |
| Titles and words associated with a name | ဒေါက်တာ- |
| 245 10 - TITLE STATEMENT | |
| Title | ပညာရေးစိတ်ပညာ=Educational Psychology၊ |
| Remainder of title | အတွဲ-၂ / |
| Statement of responsibility, etc. | ဒေါက်တာကေမြရီ။ |
| 264 ## - PRODUCTION, PUBLICATION, DISTRIBUTION, MANUFACTURE, AND COPYRIGHT NOTICE | |
| Place of production, publication, distribution, manufacture | ရန်ကုန် ၊ |
| Name of producer, publisher, distributor, manufacturer | တက္ကသိုလ်များပုံနှိပ်တိုက်၊ |
| Date of production, publication, distribution, manufacture, or copyright notice | ၁၉၇၀။ |
| 300 ## - PHYSICAL DESCRIPTION | |
| Extent | ၇၆ စာမျက်နှာ၊ |
| Dimensions | ၃၀ စင်တီ။ |
| 500 ## - GENERAL NOTE | |
| General note | ကျမ်းကိုးစာရင်းပါသည်။ |
| 650 ## - SUBJECT ADDED ENTRY--TOPICAL TERM | |
| Topical term or geographic name entry element | ပညာရေးစိတ်ပညာ |
| 942 ## - ADDED ENTRY ELEMENTS (KOHA) | |
| Source of classification or shelving scheme | Dewey Decimal Classification |
| Koha item type | Short Term |
| Suppress in OPAC | No |
| Withdrawn status | Lost status | Source of classification or shelving scheme | Damaged status | Not for loan | Collection | Accession No. | Home library | Current library | Shelving location | Date acquired | Total checkouts | Full call number | Barcode | Date last seen | Date last checked out | Price effective from | Koha item type |
|---|---|---|---|---|---|---|---|---|---|---|---|---|---|---|---|---|---|
| Dewey Decimal Classification | Myanmar Collection | ၃၁၂၆ | Dhammadhara | Dhammadhara | Myanmar Shelves | 25/11/2025 | 1 | ၃၇၀.၁၅ ကေ ၃၁၂၆ | MB00003126 | 17/12/2025 | 09/12/2025 | 25/11/2025 | Short Term |